Wuh Zehan Jis Ki Tamir Qur`an Karta Hai (Record no. 3104)

MARC details
000 -LEADER
fixed length control field 00607nam a2200241 a 4500
020 ## - INTERNATIONAL STANDARD BOOK NUMBER
ISBN
082 00 - DEWEY DECIMAL CLASSIFICATION NUMBER
Classification number 297.122
Author Cutter ABD
100 ## - MAIN ENTRY--AUTHOR NAME
Author name Abdul, Latif Syed
245 ## - TITLE STATEMENT
Title Wuh Zehan Jis Ki Tamir Qur`an Karta Hai
260 ## - PUBLICATION, DISTRIBUTION, ETC. (IMPRINT)
Place of publication Hyderabad
Name of publisher Academy of Islamic Studies
Year of publication 1955
300 ## - PHYSICAL DESCRIPTION
Number of Pages 208p.
500 ## - GENERAL NOTE
General note includes index and biblioraphy
505 2# - FORMATTED CONTENTS NOTE
Formatted contents note Thesis
650 ## - SUBJECT ADDED ENTRY--TOPICAL TERM
Topical Term Quran-Appreciation
942 ## - ADDED ENTRY ELEMENTS (KOHA)
Koha item type Books
700 1# -
-- Abdul, Latif Syed
Holdings
Collection code Home library Current library Date acquired Cost, normal purchase price Full call number Accession Number Koha item type
  Henry Martyn Institute Library Henry Martyn Institute Library 07/30/2007 100.00 297.122 ABD 06243 Books
                   Copyright © 2026 | Henry Martyn Institute | Hyderabad | TS-500052 | INDIA | Implemented by hmi.edu.in
Hit-Count:

Powered by Koha